| 000 | 00336nam a22001217a 4500 | ||
|---|---|---|---|
| 082 |
_a388.049 _bWOR _cD |
||
| 245 |
_aSustainable transport _cThe world bank |
||
| 260 |
_aWashington _bThe world bank _c1996 |
||
| 300 |
_axiii, 86 p. : _bill, ; _c24 cm. |
||
| 526 |
_a0 _b0 _c0 _d388_049000000000000_WOR |
||
| 650 |
_aMCE _9379 |
||
| 942 |
_2ddc _cBK |
||
| 999 |
_c542023 _d542023 |
||